Statistics for Biggest Trading Partners - Turkey

Click here to take the quiz!

General Stats

  • This quiz has been taken 38 times
  • The average score is 26 of 30

Answer Stats

ExportsCountry% Correct
15.17 bilChina
100%
20.36 bilRussia
97%
6.14 bilRussia
97%
7.87 bilUnited Kingdom
97%
4.90 bilUnited Kingdom
97%
11.42 bilUnited States
97%
3.97 bilUnited States
97%
17.99 bilGermany
95%
12.51 bilGermany
95%
6.23 bilIran
95%
4.21 bilSpain
95%
3.80 bilSpain
95%
8.62 bilFrance
89%
6.33 bilFrance
89%
10.52 bilItaly
89%
7.44 bilItaly
89%
3.81 bilJapan
84%
2.11 bilGreece
81%
3.31 bilSaudi Arabia
81%
1.96 bilSaudi Arabia
81%
3.56 bilIraq
78%
2.87 bilNetherlands
78%
7.77 bilUnited Arab Emirates
78%
6.07 bilUkraine
73%
1.97 bilUkraine
73%
3.86 bilSouth Korea
68%
5.40 bilSwitzerland
68%
2.74 bilSwitzerland
68%
3.63 bilRomania
65%
3.44 bilRomania
65%

Score Distribution

Percentile by Number Answered

Percent of People with Each Score

Your Score History

You have not taken this quiz